Dans quel jeu de la saga Zelda apparaît ce commerce/cette boutique? - Statistiques

Statistiques générales
  • Ce quiz a été pris 15 fois
  • Le résultat moyen est 14 sur 18
Statistiques - réponses
Commerce/Boutique Jeu % Correct
Milk Bar Majora's Mask
100%
Foire aux Masques Ocarina of Time
100%
Magasin Molida Phantom Hourglass
100%
Linebeck et Associés Spirit Tracks
100%
Au Levant Breath of the Wild
92%
Citrouille Perchée Skyward Sword
92%
Chat-Pharnaum Twilight Princess
92%
Restaurant de Pibich Tears of the Kingdom
85%
Pharmacie Chuchu The Wind Waker
85%
Chez Mamie Magie A Link Between Worlds
77%
Maison aux Coquillages Link's Awakening
77%
Boutique de la Montagne de la Mort A Link to the Past
69%
Boutique de la Zora Echoes of Wisdom
62%
Boutique de Potions de Syrup Oracle of Ages
62%
Marché Subrosien Oracle of Seasons
62%
Boulangerie de Baker et Powder The Minish Cap
62%
Chez Madame Triforce Heroes
62%
Boutique du Photographe Link's Awakening DX
15%
Aucun quiz correspondant
Distribution des résultats
% des personnes avec chaque résultat
Percentile par nombre de réponses
Votre historique - résultats
Vous n’avez pas pris ce quiz